00822nam a2200205 a 4500003000200000005001700002008004100019050003100060100003100091245011600122260009200238300004700330504004100377650002900418650002700447650003300474650002900507650003900536650004100575020250311075853.0080730s19uu xx 00 eng d aPGS LB 1044.87b.P113 2008 aPabilona, Bianca Alyssa G. aPerception on watching discovery and knowledge channel and surfing of the websites.cBianca Alyssa G. Pabilona. aLas Piñas City, Philippines : bSouthville International School and Colleges,c2008. a48 pages : billustrations ; c28 cm.  aIncludes bibliographical references. aEducational television.  aInternet in education. aScience television programs. aTelevision and children. aWeb browsingvEducational aspects. aLearningvTechnological innovations.